Archaeomagnetic dates and the Hohokam phase sequence /
Saved in:
| Main Author: | |
|---|---|
| Corporate Author: | |
| Other Authors: | |
| Format: | Book |
| Language: | English |
| Published: |
[Fort Collins, Colo.] : [Springfield, Va. :
Colorado State University, Archaeometric Lab, Dept. of Anthropology ; Available from N.T.I.S.,
1988]
|
| Series: | Technical series (Colorado State University. Archaeometric Lab) ;
no. 3. |
| Subjects: | |
| Tags: |
Add Tag
No Tags, Be the first to tag this record!
|
| LEADER | 01185nam a2200301Ia 4500 | ||
|---|---|---|---|
| 001 | 001577832-0 | ||
| 005 | 20020606090541.3 | ||
| 008 | 880506s1988 couab b s00010 eng d | ||
| 035 | 0 | |a ocm17914772 | |
| 040 | |a UDI |c UDI |d TOZ | ||
| 043 | |a n-us-az | ||
| 090 | |a E78.A7 |b E34 | ||
| 100 | 1 | |a Eighmy, Jeffrey L. | |
| 245 | 1 | 0 | |a Archaeomagnetic dates and the Hohokam phase sequence / |c by Jeffrey L. Eighmy and Randall H. McGuire. |
| 260 | 0 | |a [Fort Collins, Colo.] : |b Colorado State University, Archaeometric Lab, Dept. of Anthropology ; |a [Springfield, Va. : |b Available from N.T.I.S., |c 1988] | |
| 300 | |a 88 p. : |b ill., maps ; |c 28 cm. | ||
| 490 | 1 | |a Technical series ; |v no. 3 | |
| 500 | |a Supported by the Arizona Projects Office, U.S. Bureau of Reclamation. | ||
| 500 | |a "February 1988"--Cover. | ||
| 504 | |a Bibliography: p. 85-88. | ||
| 650 | 0 | |a Archaeological dating |z Arizona. | |
| 650 | 0 | |a Hohokam culture. | |
| 651 | 0 | |a Arizona |x Antiquities. | |
| 700 | 1 | |a McGuire, Randall H. | |
| 710 | 1 | |a United States. |b Bureau of Reclamation. |b Arizona Projects Office. | |
| 830 | 0 | |a Technical series (Colorado State University. Archaeometric Lab) ; |v no. 3. | |
| 988 | |a 20020608 | ||
| 906 | |0 OCLC | ||


